¿Jugaron en el Barcelona? - Muerte Súbita - Estadísticas

Estadísticas generales
  • Esta prueba ha sido intentada 163 veces
  • La puntuación promedio es 17 de 20
Answers on the Grid
Answers color-coded by a green-red scale on the quiz's grid according to % correct below.
Messi
Ronaldo
Luis Suarez
Frenkie De Jong
Robert Lewandowski
Coutinho
Ter Stegen
Kubala
Dani Alves
Thierry Henry
Henrik Larsson
Julio Salinas
Giovani dos Santos
Thomas Vermaelen
Paulinho
Maradona
Jérémy Mathieu
Yerry Mina
Juan Román Riquelme
Ronald Koeman
N´golo Kanté
Roy Keane
Andriy Shevchenko
Carlos Tévez
David Trezeguet
Gerd Muller
Paolo Maldini
Michael Owen
Alfie Haaland
Mesut Özi
 
Estadísticas de respuestas
Respuesta % Correcto
Messi
96%
Luis Suarez
95%
Frenkie De Jong
94%
Dani Alves
93%
Ter Stegen
93%
Coutinho
91%
Maradona
91%
Robert Lewandowski
91%
Ronald Koeman
88%
Thierry Henry
88%
Juan Román Riquelme
85%
Giovani dos Santos
84%
Ronaldo
84%
Paulinho
80%
Jérémy Mathieu
79%
Thomas Vermaelen
79%
Yerry Mina
78%
Kubala
74%
Henrik Larsson
72%
Julio Salinas
66%
No se encontraron pruebas coincidentes
Distribución de puntuación
Porcentaje de gente con cada puntuación
Porcentaje por número respondido
Historial de tus puntuaciones
No has intentado esta prueba.